00764nam a22002057a 450000500170000001000150001702000260003203500140005803700090007208200080008110000270008924500670011625000060018326000420018927001140023130000200034594200220036599900190038795201520040620240925152455.0 aENG-141778 a9789359642970c250.00 aEN-125310 bDBAD a811 aJha, Vivekanand971965 aThe Bimbette:bThe Bimbette My Soulmate.../cBy Vivekanand Jha a1 aNew DelhibDiamond Pocket Booksc2024 aX- 30, Okhla Industrial Area, Phase-IIbNew Delhie110020mwecare@diamondbooks.ink011-40712100k011-41611861 a226p.c22cm(pb) 2ddccENh811mJHA c205895d205895 001040708NFICaVPbVPd2024-09-25eDelivery of Books Act Divisiong250.00l0o811 JHApEN-125310r2024-09-25 00:00:00t1v250.00w2024-09-25yEN